000 00903nam0a2200253 4500
001 RU\NLR\BIBL_A\011637926
005 20250626102255.0
010 _920100
035 _a(NLR Aleph) 011637926
090 _a13415733
_c13415733
100 _a20180219d1933 |||y0rusy50 ca
101 0 _achv
102 _aRU
105 _aa z 000 y
200 1 _aҪутҫанталӑкпа технӗккӑ
_eхута сахал пӗлекенсем вӗренмелли кӗнеке
_fҪ. В. Ваҫҫиљйӗв
210 _aШупашкар
_cЧӑваш. патшалӑх ист-ви
_d1933
215 _a172, [1] с.
_cил.
_d21
541 1 _aПрирода и техника
_eучебник естествознания для малограмотных
_zrus
686 1 _aЕ0 я7
700 1 _aВасильев
_bС. В.
_4070
852 _aNLR
_bОНЛ
_jЧув./2-325
942 _cBOOK
980 _aNB